The science of self realization (Record no. 4979)

MARC details
000 -LEADER
fixed length control field 00746nam a22002297a 4500
003 - CONTROL NUMBER IDENTIFIER
control field OSt
005 - DATE AND TIME OF LATEST TRANSACTION
control field 20251024050601.0
008 - FIXED-LENGTH DATA ELEMENTS--GENERAL INFORMATION
fixed length control field 251021b |||||||| |||| 00| 0 eng d
020 ## - INTERNATIONAL STANDARD BOOK NUMBER
International Standard Book Number 0-89213-101-2.
040 ## - CATALOGING SOURCE
Original cataloging agency DWCL-Main lib
Transcribing agency OC
082 ## - DEWEY DECIMAL CLASSIFICATION NUMBER
Classification number Circ. 294.55 Ac168s 1980
100 ## - MAIN ENTRY--PERSONAL NAME
Personal name A. C. Bhaktivedanta Swani Prabhupada
245 ## - TITLE STATEMENT
Title The science of self realization
260 ## - PUBLICATION, DISTRIBUTION, ETC.
Place of publication, distribution, etc. La. :
Name of publisher, distributor, etc. The Bhaktivedanta Book Trust,
Date of publication, distribution, etc. c1980.
300 ## - PHYSICAL DESCRIPTION
Extent xxiii, 412 pages :
Other physical details illustration ;
Dimensions 18 cm.
504 ## - BIBLIOGRAPHY, ETC. NOTE
Bibliography, etc. note Includes index.
650 ## - SUBJECT ADDED ENTRY--TOPICAL TERM
Source of heading or term 1. Bhakti.
650 ## - SUBJECT ADDED ENTRY--TOPICAL TERM
Source of heading or term 2. Krishna (Hindu deity)-Spiritualistic interpretations.
650 ## - SUBJECT ADDED ENTRY--TOPICAL TERM
Source of heading or term 3. Self-actualization (Psychology).
650 ## - SUBJECT ADDED ENTRY--TOPICAL TERM
Source of heading or term 4. Spiritual life- Hinduism.
942 ## - ADDED ENTRY ELEMENTS (KOHA)
Source of classification or shelving scheme Dewey Decimal Classification
Koha item type Book Circulation
Call number prefix Circ.
Suppress in OPAC No
952 ## - LOCATION AND ITEM INFORMATION (KOHA)
--
Holdings
Withdrawn status Lost status Source of classification or shelving scheme Damaged status Not for loan Home library Current library Shelving location Date acquired Cost, normal purchase price Total Checkouts Full call number Barcode Date last seen Copy number Price effective from Koha item type Uniform Resource Identifier
    Dewey Decimal Classification     College Library College Library Circulation 11/04/2008 0.00   Circ. 294.55 Ac168s 1980 46359 10/21/2025 c1 10/21/2025 BK-CIRC